1326 1576 1445 1030 1169 1347 1351 1650 1205 1996 1528 1887 1076 1744 1381 1936 1379 1989 1656 1869 1992 1003 1028 1246 1944 1865 1831 1699 1857 1214 1067 1945 1663 1270 1952 1143 1354 1285 1802 1617 1774 1217 1232 1511 1358 1327 1876 1872 1204 1857 1280 1098 1147 1017 1916 1694 1115 1293 1827 1437 1530 1610 1036 1944 1623 1397 1801 1537 1879 1897 1188 1483 1500 1652 1580 1511 1853 1515 1602 1129 1260 1128 1021 1008 1219 1695 1495 1712 1954 1321 1452 1644 1953 1193 1619 1780 1850 1940 1574 BCNSPRNW ULIB Ver.6.0+V

เปลี่ยนเป็นภาษาไทย

Change to English
 แสดงรายละเอียดบรรณานุกรม
  กลับหน้าหลัก

Brief Record : Get Marc (ISO 2709) : E-mail record : QR code < ปิดหน้าต่าง
LEADER : 00000nam 2200000uu 4500
001    13399113026
003     ULIB
008    110922s2553||||th 000 0 tha d
020    9741335407
060 04 WY85^bส687จ
100 0  สิวลี ศิริไล
245 10 จริยศาสตร์สำหรับพยาบาล /^cสิวลี ศิริไล
250    พิมพ์ครั้งที่ 11
260    กรุงเทพฯ :^bโรงพิมพ์แห่งจุฬาลงกรณ์มหาวิทยาลัย,^c2553
300    279 หน้า ;^c21 ซม.
650  7 จรรยาบรรณพยาบาล
650  7 จริยศาสตร์
945    ^p150^l0^i18607
995     กัณชพร
999     ^aใช้งานได้ทุกระบบ
รายการนี้ยังไม่มีแท็ก
คุณยังไม่ได้ล็อกอิน คุณสามารถมีกิจกรรมร่วมกับเว็บไซต์ได้ แต่ต้องล็อกอินก่อน ::
  ล็อกอิน

รายการสื่อสารสนเทศ

ลำดับที่ ประเภท เลขเรียก/บาร์โค้ด สถานที่ สถานะ
1. วิทยาศาสตร์การแพทย์ และสุขภาพ
วิทยาศาสตร์การแพทย์ และสุขภาพ
WY85 ส687จ  
  Barcode: 18607
ห้องสมุดวิทยาเขตนครสวรรค์
►ส่วนจัดเก็บหนังสือเก่า นว.
บนชั้น
  ขอยืม

รายการใกล้เคียง
    ผู้แต่ง [สิวลี ศิริไล]

    หัวเรื่อง [จรรยาบรรณพยาบาล]
    หัวเรื่อง [จริยศาสตร์]

BibComment


ยังไม่เคยถูกคอมเมนท์

คอมเมนท์ทรัพยากรรายการนี้
  คอมเมนท์: จริยศาสตร์สำหรับพ..


 Copyright 2026. Bcnsprnw @Library